2 hands - Tate McRae - All Lyrics - Statistics

General Stats
  • This quiz has been taken 305 times
  • The average score is 416 of 513
Answer Stats
Answer % Correct
hands
99%
hands)
99%
I
99%
(I
99%
two
99%
Two
99%
two)
99%
You
99%
you
99%
me
98%
on
98%
want
98%
Want
98%
win
98%
your
98%
a
96%
go
95%
go)
95%
just
94%
Just
94%
let
94%
Let
94%
do
92%
time
92%
Don't
90%
don't
90%
(Don't
90%
times
90%
times,
90%
to
87%
ever
85%
Baby,
84%
baby
84%
all
83%
in
83%
the
83%
need
81%
Need
81%
one,
81%
day
80%
If
80%
if
80%
and
78%
And
78%
'em
78%
love
78%
my
78%
like
77%
(Like
77%
one
77%
talk
77%
at
76%
At
76%
it
76%
it,
76%
seventeen
74%
that?
74%
that
74%
that,
74%
that)
74%
put
73%
tell
73%
I'm
72%
number
72%
right
72%
shit
72%
back
71%
back)
71%
no,
71%
no)
71%
(No)
71%
Can
70%
know
70%
(Alright)
69%
life
69%
got
68%
hear
68%
Yeah
68%
girl,
67%
much
67%
much,
67%
place
67%
We
67%
second
66%
touch
66%
not
65%
savin'
65%
of
64%
fast
63%
gotta
63%
more
63%
needs
63%
Better
62%
(Better
62%
last
62%
less
62%
little
62%
lot
60%
mean
60%
sayin'
60%
'Cause
59%
everybody's
57%
she
56%
room
55%
then
55%
they
55%
(They
55%
top
54%
well,
54%
good
53%
see
53%
this
53%
But
52%
compare
52%
real
52%
up
52%
words,
52%
it's
51%
jewelry
51%
could
50%
look
50%
that's
49%
fuckin'
48%
hotels
48%
ain't
47%
fucked
47%
live
47%
sweet
47%
(Sweet)
47%
thing
47%
three
47%
with
47%
for
45%
shit-talk
45%
anymore
44%
night,
44%
out
44%
turn
44%
really
43%
trust
42%
free
41%
names
41%
things,
39%
gonna
38%
they're
38%
bag
35%
already
34%
bought
34%
cute
33%
plenty
31%
spoil
31%
Seen
27%
Still,
24%
No matching quizzes found
Score Distribution
Percent of People with Each Score
Percentile by Number Answered
Your Score History
You have not taken this quiz